Σύμμαχοι στην επιβίωση

Η ταινία ΣΥΜΜΑΧΟΙ ΣΤΗΝ ΕΠΙΒΙΩΣΗ έχει δημιουργηθεί με τη συνεργασία του Συλλόγου Προστασίας της Θαλάσσιας Χελώνας. Παρουσιάζει την εξαίρετη εργασία του συλλόγου, που σκοπό έχει να καλλιεργήσει την ευαισθησία του κοινού και να ενημερώσει σχετικά με αυτό το υπέροχο σπάνιο είδος...

Πλήρης περιγραφή

Αποθηκεύτηκε σε:
Λεπτομέρειες βιβλιογραφικής εγγραφής
Συγγραφή απο Οργανισμό/Αρχή: Ινστιτούτο Θαλάσσιας Βιολογίας Κρήτης
Μορφή: VHS
Γλώσσα:Greek
Δημοσίευση: Ηράκλειο Κρήτης : Ινστιτούτο Θαλάσσιας Βιολογίας Κρήτης, 2000
Θέματα:
Ετικέτες: Προσθήκη ετικέτας
Δεν υπάρχουν, Καταχωρήστε ετικέτα πρώτοι!

MARC

LEADER 00000 gm a2200000 i 4500
001 1/40364
007 mf cbaho
008 070126s2000 gr gre d
035 |l 10086816 
040 |a GR-MY-UA  |b gre  |e aacr 
041 0 |a gre 
082 0 |a 597.92  |2 (22) 
245 1 0 |a Σύμμαχοι στην επιβίωση  |h [μαγνητοσκόπηση] /  |c Ινστιτούτο Θαλάσσιας Βιολογίας Κρήτης 
260 |a Ηράκλειο Κρήτης :   |b Ινστιτούτο Θαλάσσιας Βιολογίας Κρήτης,   |c 2000 
300 |a 1 βιντεοκασέτα (12 λεπτ.);  |b ομιλ., έγχρ.;  |c 1/2 ιν. 
500 |a Υπάρχει ψηφιακό αντίγραφο.  
508 |a Με την συνεργασία του Συλλόγου Προστασίας της Θαλάσσιας Χελώνας 
520 |a Η ταινία ΣΥΜΜΑΧΟΙ ΣΤΗΝ ΕΠΙΒΙΩΣΗ έχει δημιουργηθεί με τη συνεργασία του Συλλόγου Προστασίας της Θαλάσσιας Χελώνας. Παρουσιάζει την εξαίρετη εργασία του συλλόγου, που σκοπό έχει να καλλιεργήσει την ευαισθησία του κοινού και να ενημερώσει σχετικά με αυτό το υπέροχο σπάνιο είδος 
538 |a VHS format 
650 0 0 |a Turtles. 
650 0 0 |a Sea turtles. 
650 0 0 |a Endangered species. 
650 0 0 |a Wildlife conservation. 
710 2 |a Ινστιτούτο Θαλάσσιας Βιολογίας Κρήτης. 
852 |a INST  |b LESVOS  |c AV  |e 20070126  |h 597.92 ΣΥΜ  |p 005100036777  |q 005100036777  |t VC  |y 23 
901 |a BIBL1-2007-1 
909 |a Λ  |b 130614 
920 |a ΔΙΕΥΡΥΝΣΗ  |b ΕΠΕΑΕΚ-ΤΕΘ  |y ΛΕΣΒΟΣ  |z 2003-03 
970 |a ΚΑΡΑ  |b ΓΙΑΣΕΜΗ  |z 2007/01/26